Spell the Marvel Character #372 - Statistics

General Stats
  • This quiz has been taken 12 times
  • The average score is 12 of 15
Answer Stats
Picture Answer % Correct
Scarlet Witch
100%
Agent Venom
92%
Emma Frost
92%
Gamora
92%
Howard the Duck
92%
Namor the Sub-Mariner
92%
Red She-Hulk
92%
Thor (Jane Foster)
92%
Adam Warlock
83%
Agatha Harkness
83%
Spider-Woman
83%
Arana
75%
Aero
58%
Hazmat
58%
Karma
58%
No matching quizzes found
Score Distribution
Percent of People with Each Score
Percentile by Number Answered
Your Score History
You have not taken this quiz